| 000 | 01062na a2200325 4500 | ||
|---|---|---|---|
| 001 | 21731 | ||
| 003 | MIRAKIL | ||
| 005 | 20181213155149.0 | ||
| 008 | 170207b tu 000 0 | ||
| 035 | _a20021 | ||
| 040 |
_aMilas _btur _cTR-AnCHP |
||
| 041 | _atur | ||
| 082 |
_aCHP 324.2372 _bC36t 2003 |
||
| 090 | _aCHP 324.2372 C36t 2003 | ||
| 110 |
_aCumhuriyet Halk Partisi (CHP) _bAnadolu Hareketi |
||
| 245 |
_aAnadolu Hareketi tüzük önerisi _bEkim 2003 _cCHP Anadolu Hareketi |
||
| 246 | _aCHP tüzüğü | ||
| 246 | _aCHP 2003 tüzüğü | ||
| 260 |
_aAnkara _bCHP Anadolu Hareketi _c2003 |
||
| 300 |
_a124 s. _c19 sm. |
||
| 440 |
_aCumhuriyet Halk Partisi yayınları _pTüzükler |
||
| 610 |
_aCumhuriyet Halk Partisi (CHP) _xTüzükler, 2003 _yÖneriler |
||
| 610 |
_aCHP Anadolu Hareketi _xTüzükler, 2003 _yÖneriler |
||
| 651 |
_aTürkiye _xSiyaset ve yönetim _y2003-2005 |
||
| 657 | _aCHP tüzükleri | ||
| 657 | _aCHP Anadolu Hareketi tüzük önerisi | ||
| 830 | _aCHP tüzükleri | ||
| 942 |
_2ddc _cBKS |
||
| 999 |
_c7816 _d7816 |
||